01368 2200301 4500001002100000005001500021035002000036007000300056008004100059100005500100245013700155300003700292020002200329082001200351084002100363250003100384264004300415336002100458337003000479338002300509440002600532520040200558650002000960700002500980700002901005990001601034990001601050INLIS00000000101217220221021105229 a0010-1022000027ta221020 0 0 aBudi DermawanepengarangeBudi Dermawanepengarang1 aSi keledai & katak yang sombong :basyiknya belajar sikap toleransi /cBudi Dermawan; editor, Aulia Rahman; ilustrator, Agus Mutaram a32 halaman :bilustrasi ;c21 cm a978-979-788-613-4 a398.245 aSR 398.245 BUD s acetakan II, September 2021 aJakarta :bPenebar Swadaya Kids,c2021 2rdacontentateks 2rdamediaatanpa perantara 2rdacarrieravolume aSeri Fabel Inspiratif aProses pembentukan kepribadian anak dimulai sejak usia dini. Apabila orangtua dan lingkungan bisa memberi contoh serta pelajaran yang baik, niscaya baik pula perkembangan kepribadian anak kelak. Seri fabel inspiratif ini memberikan pesan-pesan tentang pengembangan moral, karakter, dan akhlak melalui kisah-kisah. Melalui kisah, hikmah dan pelajaran dapat lebih mudah disampaikan dan diserap anak. 4aCerita binatang0 aAulia Rahmaneeditor0 aAgus Mutarameilustrator a50737.63557 a50738.63558